Famous Williams - Statistics

General Stats
  • This quiz has been taken 29 times
  • The average score is 8 of 16
Answer Stats
Picture Answer % Correct
Bill Clinton
96%
William Shakespeare
89%
Bill Murray
85%
William Shatner
74%
Will Ferrell
67%
William H. Macy
56%
Bill Burr
44%
Billy Corgan
41%
Will Arnett
41%
William Hurt
41%
Bill Hader
33%
Bill Pullman
30%
Bill Paxton
26%
Will Poulter
26%
William Holden
11%
William Fichtner
7%
No matching quizzes found
Score Distribution
Percent of People with Each Score
Percentile by Number Answered
Your Score History
You have not taken this quiz